000 00504nam a2200193Ia 4500
005 20250508151007.0
008 008 250505s9999 xx 000 0 eng d
037 _aTextual
040 _aFEDL
_beng
_cFEDL
041 _aeng
_2eng
084 _a104, WAR
_qFEDL
100 _aWard James
245 0 _aEssays in philosophy
260 _aCambridge
_bCambridge University Press
_c1927
300 _a372p
650 _aPhilosophy
942 _cTEXL
_h104, WAR
999 _c1326923
_d1326923